Statistiques concernant Toutes les enquêtes de Criminal Case

Cliquez ici pour prendre le quiz!

Statistiques générales

  • Ce quiz a été pris 5 fois
  • Le résultat moyen est 12 sur 369

Statistiques - réponses

Indice : JeuN° Enquête/JeuNom de l'enquête% Correct
Criminal Case : Grimsborough2Un Cadavre dans le Jardin
75%
Criminal Case : Grimsborough21Les Expériences Secrètes
50%
Criminal Case : Grimsborough14Victime de la Mode
50%
Criminal Case : Grimsborough10À Couteau Tiré
25%
Criminal Case : Grimsborough15Affaire de Famille
25%
Criminal Case : Grimsborough13Alerte à la Bombe à Grimsborough
25%
Criminal Case : Grimsborough24Anatomie d'un Meurtre
25%
Criminal Case : Grimsborough18Au Milieu de la Nuit
25%
Criminal Case : Grimsborough8Beauté Volée
25%
Criminal Case : Grimsborough7Crucifixion
25%
Criminal Case : The Conspiracy1Du Venin dans les Veines
25%
Criminal Case : Grimsborough19Innocence Perdue
25%
Criminal Case : Grimsborough33Killing Me Softly
25%
Criminal Case : Grimsborough12La Bourse ou la Vie
25%
Criminal Case : Grimsborough30La Créature des Wollcraft
25%
Criminal Case : Grimsborough37La Faucheuse et le Geek
25%
Criminal Case : Grimsborough5L'Affaire Russe
25%
Criminal Case : Grimsborough27La Fiancée du Lac
25%
Criminal Case : Grimsborough31La Fin justifie les Moyens
25%
Criminal Case : Grimsborough1La Mort de Rosa Wolf
25%
Criminal Case : Grimsborough16Le Baiser de la Mort
25%
Criminal Case : Grimsborough3Le Boucher Sanglant
25%
Criminal Case : Grimsborough17Le Dernier Souper
25%
Criminal Case : Grimsborough25Le Fantôme de Grimsborough
25%
Criminal Case : Grimsborough28Le Fantôme d'Elm
25%
Criminal Case : Grimsborough23Le Grand Voyage
25%
Criminal Case : Grimsborough4Le Tueur du Port
25%
Criminal Case : Grimsborough26L'Invocation
25%
Criminal Case : Grimsborough38Massacre au Spring Break
25%
Criminal Case : Grimsborough40Meurtre Primaire
25%
Criminal Case : Grimsborough32Meurtre sur le Campus
25%
Criminal Case : Pacific Bay9Mort Alcoolisée
25%
Criminal Case : Pacific Bay2Mort au Volant
25%
Criminal Case : The Conspiracy7Mort, Sang, et tout le Tremblement
25%
Criminal Case : Grimsborough34Mort Subite
25%
Criminal Case : Grimsborough22Mourir ou ne pas Mourir
25%
Criminal Case : Grimsborough11Nid de Vipères
25%
Criminal Case : Grimsborough29Pas de Fumée sans Feu
25%
Criminal Case : Supernatural Investigations4Quand on parle du Loup
25%
Criminal Case : Grimsborough9Réduit en Cendres
25%
Criminal Case : Supernatural Investigations1Soif de Sang
25%
Criminal Case : Grimsborough51Tout s'arrête Ici
25%
Criminal Case : Grimsborough6Un Bon Flic est un Flic Mort
25%
Criminal Case : Supernatural Investigations2Un (Grand) Pied dans la Tombe
25%
Criminal Case : Grimsborough20Un Jeu Mortel
25%
Criminal Case : The Conspiracy2630 Millions d'Ennemis
0%
Criminal Case : Travel in Time730 Secondes Chrono
0%
Criminal Case : Save the World103 Espions et 1 Momie
0%
Criminal Case : Mysteries of the Past283h10 pour la Mort
0%
Criminal Case : The Conspiracy51À Bout de Souffle
0%
Criminal Case : Mysteries of the Past42À Coeur Perdu
0%
Criminal Case : Travel in Time31A Court de Temps
0%
Criminal Case : Travel in Time25Adjugé, Tué !
0%
Criminal Case : City of Romance17À en Perdre la Tête
0%
Criminal Case : Mysteries of the Past2À Feu et À Sang
0%
Criminal Case : Pacific Bay17À Fleur de Peau
0%
Criminal Case : Pacific Bay1Alerte aux Requins !
0%
Criminal Case : Pacific Bay31Amour, Gloire, et Décès
0%
Criminal Case : Supernatural Investigations16Apparences Trompeuses
0%
Criminal Case : Pacific Bay18Après la Tempête
0%
Criminal Case : Mysteries of the Past39Arrête-Moi Si Tu Peux
0%
Criminal Case : Save the World41À Tombeau Ouvert
0%
Criminal Case : Grimsborough35Au Bout de la Corde
0%
Criminal Case : Mysteries of the Past3Au Coeur des Flammes
0%
Criminal Case : Mysteries of the Past11Au Creux de la Vague
0%
Criminal Case : Save the World3Auf Wiedersehen
0%
Criminal Case : Mysteries of the Past6Au Nom du Père
0%
Criminal Case : Mysteries of the Past29Bain de Sang
0%
Criminal Case : Save the World14Bas les Masques
0%
Criminal Case : Save the World55Battu sur le Fil
0%
Criminal Case : Pacific Bay6Bayou Rouge Sang
0%
Criminal Case : Mysteries of the Past1Bienvenue à Concordia
0%
Criminal Case : Pacific Bay20Blessures Ouvertes
0%
Criminal Case : The Conspiracy16Bouche de Miel, Coeur de Fiel
0%
Criminal Case : Mysteries of the Past44Cadavre Exquis
0%
Criminal Case : The Conspiracy52Casse-Tête
0%
Criminal Case : Travel in Time9Ce qui se passe à Vegas...
0%
Criminal Case : Supernatural Investigations11Chasseur Chassé
0%
Criminal Case : Save the World17Chevauchée Mortelle
0%
Criminal Case : Supernatural Investigations18Chute Libre
0%
Criminal Case : Supernatural Investigations12Circuit de la Mort
0%
Criminal Case : The Conspiracy53Clap de Fin
0%
Criminal Case : The Conspiracy23Coeur de Pierre
0%
Criminal Case : Pacific Bay26Coeurs de Glace
0%
Criminal Case : Supernatural Investigations5Combat Immortel
0%
Criminal Case : City of Romance7Comportement Bestial
0%
Criminal Case : Pacific Bay59Compte à Rebours Final
0%
Criminal Case : Save the World18Compte à Rebours Mortel
0%
Criminal Case : Mysteries of the Past25Condamnation à Mort
0%
Criminal Case : Grimsborough39Condamné à Mort
0%
Criminal Case : The Conspiracy37Coupez !
0%
Criminal Case : The Conspiracy55Course Contre la Mort
0%
Criminal Case : Travel in Time10Crime et Châtiment
0%
Criminal Case : Pacific Bay35Crime Galactique
0%
Criminal Case : Pacific Bay42Cristal Mortel
0%
Criminal Case : City of Romance13Dame de Coeur
0%
Criminal Case : The Conspiracy6Dans la Gueule du Loup
0%
Criminal Case : Mysteries of the Past21Dans l'Enfer de l'Alcool
0%
Criminal Case : The Conspiracy50Dans le Noir
0%
Criminal Case : Save the World43De Glace et de Sang
0%
Criminal Case : The Conspiracy46De la Confiture aux Cochons
0%
Criminal Case : Pacific Bay19De l'Orage dans l'Air
0%
Criminal Case : The Conspiracy20Départ Anticipé
0%
Criminal Case : The Conspiracy42De Plein Fouet
0%
Criminal Case : The Conspiracy49Dernier Embarquement
0%
Criminal Case : Mysteries of the Past46Dernier Tour de Piste
0%
Criminal Case : The Conspiracy27Derrière les Murs
0%
Criminal Case : The Conspiracy35De Sang-froid
0%
Criminal Case : The Conspiracy59Désastre Imminent
0%
Criminal Case : Travel in Time12Descente aux Enfers
0%
Criminal Case : Save the World8Désert Mortel
0%
Criminal Case : Supernatural Investigations26Des Funérailles Mortelles
0%
Criminal Case : Pacific Bay22Des Rats et des Hommes
0%
Criminal Case : Grimsborough50Des Serpents sur la Scène
0%
Criminal Case : The Conspiracy22Dessine-Moi un Mort
0%
Criminal Case : Pacific Bay47Devoirs Inciviques
0%
Criminal Case : Pacific Bay54Diamant Sanglant
0%
Criminal Case : Save the World40Diamants sur Macchabée
0%
Criminal Case : Save the World15Douce Nuit, Cruelle Nuit
0%
Criminal Case : Supernatural Investigations14D'un Froid Perçant
0%
Criminal Case : Save the World52D'un Tueur deux Coups
0%
Criminal Case : Save the World37Du Plomb dans l'Aile
0%
Criminal Case : The Conspiracy38Du Sang jusqu'au Cou
0%
Criminal Case : Grimsborough43Eaux Troubles
0%
Criminal Case : Mysteries of the Past14Échec et Mat
0%
Criminal Case : Travel in Time2Échoués en Gaule
0%
Criminal Case : Supernatural Investigations21En Avoir les Jambes Coupées
0%
Criminal Case : Mysteries of the Past13En Mille Éclats
0%
Criminal Case : Travel in Time24Ensorcelé, Envoûté, Egaré
0%
Criminal Case : Grimsborough53Enterrer la Hache de Guerre
0%
Criminal Case : The Conspiracy36Entre Deux Feux
0%
Criminal Case : Mysteries of the Past35Entre Deux Rives
0%
Criminal Case : The Conspiracy8Entre Quatre Murs
0%
Criminal Case : Save the World51Entretien avec un Assassin
0%
Criminal Case : Save the World21Épidémie Mortelle
0%
Criminal Case : Mysteries of the Past8Esprits Criminels
0%
Criminal Case : Mysteries of the Past31Et au Milieu Coule une Rivière
0%
Criminal Case : Travel in Time6Été de la Mort
0%
Criminal Case : The Conspiracy58Extinction des Feux
0%
Criminal Case : City of Romance1Fashion Victim
0%
Criminal Case : The Conspiracy3Fausse Note
0%
Criminal Case : Pacific Bay43Faux Départ pour l'Espace
0%
Criminal Case : Save the World56Fin de Partie
0%
Criminal Case : The Conspiracy28Fortune de Mer
0%
Criminal Case : Pacific Bay10Fumée et Miroirs
0%
Criminal Case : The Conspiracy18Game Over
0%
Criminal Case : Mysteries of the Past16Gare au Gorille
0%
Criminal Case : Save the World1God Save the Prince
0%
Criminal Case : Supernatural Investigations8Hashtag Mortel
0%
Criminal Case : Mysteries of the Past17Haute Tension
0%
Criminal Case : Pacific Bay36Héritage Fatal
0%
Criminal Case : The Conspiracy14Hipster à Terre
0%
Criminal Case : Supernatural Investigations23Hocus Pocus
0%
Criminal Case : Travel in Time8Houston, on a un Problème
0%
Criminal Case : Save the World46Il Est Mort le Soleil
0%
Criminal Case : Travel in Time26Il était une Fois en Mongolie
0%
Criminal Case : Pacific Bay32Il Était une Fois... un Meurtre
0%
Criminal Case : The Conspiracy33Impact Final
0%
Criminal Case : Mysteries of the Past56Impression Funeste
0%
Criminal Case : City of Romance12Inglorious Batard
0%
Criminal Case : Grimsborough45Injection Mortelle
0%
Criminal Case : The Conspiracy17Inspire...Expire...
0%
Criminal Case : Supernatural Investigations25Interrogatoire Renforcé
0%
Criminal Case : Travel in Time19Intox
0%
Criminal Case : Pacific Bay14Invertébré
0%
Criminal Case : The Conspiracy47In Vino Veritas
0%
Criminal Case : The Conspiracy40Jeu, Set, et Meurtre
0%
Criminal Case : Save the World47Jeux de Dupes
0%
Criminal Case : City of Romance10Jongler avec la Mort
0%
Criminal Case : Save the World5Jours de Ténèbres
0%
Criminal Case : Travel in Time15Jusqu'à ce que la Mort nous Sépare
0%
Criminal Case : Mysteries of the Past58Justice Injuste
0%
Criminal Case : The Conspiracy24L'Abominable Vérité
0%
Criminal Case : Save the World30La chasse est ouverte
0%
Criminal Case : The Conspiracy19La Cité Perdue
0%
Criminal Case : Travel in Time30La Colère du Khan
0%
Criminal Case : Mysteries of the Past30La Conquête de l'Est
0%
Criminal Case : Grimsborough36La Cour du Diable
0%
Criminal Case : Mysteries of the Past54La Dernière Flèche
0%
Criminal Case : Supernatural Investigations29La Désunion Fait la Chute
0%
Criminal Case : Mysteries of the Past34L'Adieu aux Armes
0%
Criminal Case : City of Romance4La Fête comme en 1699
0%
Criminal Case : Mysteries of the Past60L'Affrontement Final
0%
Criminal Case : Pacific Bay30La Fin de la Nuit
0%
Criminal Case : Travel in Time17La Fureur de Mourir
0%
Criminal Case : Save the World33La Grande Évasion
0%
Criminal Case : Supernatural Investigations3La Malédiction de Black Ridge
0%
Criminal Case : The Conspiracy12La Mort à l'Oeuvre
0%
Criminal Case : Save the World35La Mort comme un Boomerang
0%
Criminal Case : Mysteries of the Past20La Mort dans les Yeux
0%
Criminal Case : Mysteries of the Past23La Mort est un Cabaret
0%
Criminal Case : Travel in Time29La Mort et le Sabre
0%
Criminal Case : Mysteries of the Past55La Nouvelle Vérité !
0%
Criminal Case : The Conspiracy60L'Apocalypse Néo-Humaine
0%
Criminal Case : The Conspiracy13La Poire de Discorde
0%
Criminal Case : Pacific Bay8La Racine du Mal
0%
Criminal Case : Supernatural Investigations15L'Arbre de la Mort
0%
Criminal Case : Pacific Bay5La Reine de Glace
0%
Criminal Case : Save the World45L'Armée des Ombres
0%
Criminal Case : Mysteries of the Past24L'Assassin Assassiné
0%
Criminal Case : Save the World39La Victime sortant du Puits
0%
Criminal Case : Supernatural Investigations22Le Bal des Monstres
0%
Criminal Case : Pacific Bay37Le Bateau de Rêve
0%
Criminal Case : The Conspiracy4Le Bourreau des Coeurs
0%
Criminal Case : Save the World54Le Canada, Nid d'Espions
0%
Criminal Case : Mysteries of the Past50Le Chant du Cygne
0%
Criminal Case : Mysteries of the Past36Le Coeur de la Guerre
0%
Criminal Case : Travel in Time18Le Coup du Siècle
0%
Criminal Case : Save the World16Le Crime du Transsibérien
0%
Criminal Case : Supernatural Investigations10Le Fantôme du Passé
0%
Criminal Case : Travel in Time5L'Égypte en Flammes
0%
Criminal Case : The Conspiracy25Le Jour d'Après
0%
Criminal Case : Save the World49Le Jour des Morts
0%
Criminal Case : Supernatural Investigations19Le Lion est Mort ce Soir
0%
Criminal Case : Grimsborough52Le Meilleur des Mondes
0%
Criminal Case : Save the World4Le Meurtre Bon Marché
0%
Criminal Case : Mysteries of the Past40Le Mors aux Dents
0%
Criminal Case : Mysteries of the Past57Le Nez dans le Ruisseau
0%
Criminal Case : The Conspiracy2L'Enfer, c'est les Autres
0%
Criminal Case : The Conspiracy5Le Péril Jeune
0%
Criminal Case : Mysteries of the Past27Le Petit Meurtre dans la Prairie
0%
Criminal Case : Grimsborough54Le Poison de la Vérité
0%
Criminal Case : Pacific Bay29Le Projet White Peaks
0%
Criminal Case : Save the World6Le Rêve Impossible
0%
Criminal Case : Grimsborough49Le Sang coule Noir
0%
Criminal Case : Mysteries of the Past32Le Sang des Citoyens
0%
Criminal Case : Pacific Bay25Le Saut de la Mort
0%
Criminal Case : Save the World24Les Entrailles du Mal
0%
Criminal Case : The Conspiracy29Les Feux de la Rampe
0%
Criminal Case : Pacific Bay24Les Ficelles de la Mort
0%
Criminal Case : The Conspiracy10Les Fleurs du Mal
0%
Criminal Case : Grimsborough48Les Gentilles ne meurent jamais
0%
Criminal Case : Pacific Bay41Les Graines de la Mort
0%
Criminal Case : Mysteries of the Past53Les Liens du Sang
0%
Criminal Case : Mysteries of the Past49Les Marches du Pouvoir
0%
Criminal Case : City of Romance6Le Spectacle Doit Continuer
0%
Criminal Case : Mysteries of the Past26Le Spectre de la Mort
0%
Criminal Case : Mysteries of the Past5Les Serres de la Mort
0%
Criminal Case : The Conspiracy39Les Yeux Revolver
0%
Criminal Case : Pacific Bay44L'Étau se Resserre
0%
Criminal Case : Pacific Bay40Le Temple Maudit
0%
Criminal Case : Grimsborough41Le Tueur de Rorschach
0%
Criminal Case : Pacific Bay51Le Tueur Prend Tout
0%
Criminal Case : Pacific Bay58Le Venin de la Mort
0%
Criminal Case : Pacific Bay16L'Heure du Meurtre
0%
Criminal Case : Save the World38L'Histoire de la Mort
0%
Criminal Case : Pacific Bay39L'Impasse
0%
Criminal Case : The Conspiracy34L'Inconnu du Lac
0%
Criminal Case : Grimsborough44L'Odeur de la Mort
0%
Criminal Case : Pacific Bay23L'Oeil de l'Ouragan
0%
Criminal Case : Save the World48L'Ombre du Roi
0%
Criminal Case : Travel in Time20L'Or du Fou
0%
Criminal Case : Travel in Time14L'Orgueil Précède la Chute
0%
Criminal Case : Mysteries of the Past37Madame est Servie
0%
Criminal Case : Supernatural Investigations6Mauvaises Ondes
0%
Criminal Case : Grimsborough56Mauvais Sang
0%
Criminal Case : Save the World19Médecine à Deux Vitesses
0%
Criminal Case : Save the World22Meurtre à Bollywood
0%
Criminal Case : City of Romance2Meurtre à la Mode
0%
Criminal Case : Mysteries of the Past45Meurtre dans un Nid de Coucou
0%
Criminal Case : Mysteries of the Past4Meurtre de Noël
0%
Criminal Case : Supernatural Investigations20Meurtre et Boule de Cristal
0%
Criminal Case : Save the World7Meurtre par Procuration
0%
Criminal Case : The Conspiracy15Meurtre sur la Piste de Danse
0%
Criminal Case : City of Romance5Meurtre sur Mesure
0%
Criminal Case : Pacific Bay4Meurtre sur Patins
0%
Criminal Case : Pacific Bay52Mort au Cirque
0%
Criminal Case : Pacific Bay53Mort au Martini
0%
Criminal Case : Save the World23Mort en Paix
0%
Criminal Case : Pacific Bay33Mort Sauvage
0%
Criminal Case : The Conspiracy43Mort Sur-le-champ
0%
Criminal Case : Save the World31Mort sur le Ring
0%
Criminal Case : City of Romance9Mourir dans l'Azur
0%
Criminal Case : Pacific Bay34Murdertown
0%
Criminal Case : Travel in Time23Naufragés !
0%
Criminal Case : Travel in Time27Ne Jamais Dire Fontaine...
0%
Criminal Case : Mysteries of the Past7Ne la Laisse pas Tomber
0%
Criminal Case : Supernatural Investigations13Nous n'irons plus au Bois
0%
Criminal Case : Save the World9Oasis Mortelle
0%
Criminal Case : Travel in Time21On Lève l'Ancre !
0%
Criminal Case : Mysteries of the Past47Panique à l'Hôtel
0%
Criminal Case : Pacific Bay45Par-delà les Étoiles
0%
Criminal Case : Save the World34Parlez, Ami, et Périssez
0%
Criminal Case : Pacific Bay55Pas d'Honneur chez les Voleurs
0%
Criminal Case : Pacific Bay49Péché Immortel
0%
Criminal Case : Supernatural Investigations9Perdre la Tête
0%
Criminal Case : Save the World42Péril en la Demeure
0%
Criminal Case : Save the World36Peur Bleue
0%
Criminal Case : The Conspiracy45Piquée au Vif
0%
Criminal Case : Pacific Bay3Plongée Mortelle
0%
Criminal Case : Mysteries of the Past18Plus Dure sera la Chute
0%
Criminal Case : Save the World53Politiquement Incorrect
0%
Criminal Case : Travel in Time28Pour qui Sonne le Glas
0%
Criminal Case : Supernatural Investigations7Pris aux Tripes
0%
Criminal Case : Pacific Bay50Programmé pour Tuer
0%
Criminal Case : Pacific Bay7Proie Facile
0%
Criminal Case : Pacific Bay27Promenons-nous dans les bois
0%
Criminal Case : Pacific Bay13Promesses de l'Est
0%
Criminal Case : Mysteries of the Past51Que Justice Soit Faite
0%
Criminal Case : The Conspiracy48Que ton Règne Vienne
0%
Criminal Case : The Conspiracy57Qui Sème le Vent
0%
Criminal Case : Mysteries of the Past22Quitte ou Double
0%
Criminal Case : Supernatural Investigations28Qui Va à la Chasse...
0%
Criminal Case : Save the World2Qu'on leur Coupe la Tête !
0%
Criminal Case : Grimsborough55Retour de Flamme
0%
Criminal Case : Travel in Time16Retour Vers le Futur
0%
Criminal Case : Mysteries of the Past19Saints et Pêcheurs
0%
Criminal Case : The Conspiracy11Sang Chaud
0%
Criminal Case : Pacific Bay48Sang dans le Mixeur
0%
Criminal Case : Save the World44Sang d'Encre
0%
Criminal Case : Grimsborough42Sang et Gloire
0%
Criminal Case : Pacific Bay11Sans-Coeur
0%
Criminal Case : Mysteries of the Past48Sans Issue
0%
Criminal Case : Supernatural Investigations24Scarabée Mortel
0%
Criminal Case : City of Romance16Son Compte est Réglé
0%
Criminal Case : City of Romance14Sortie Fracassante
0%
Criminal Case : Save the World12Sous la Lame de l'Épée
0%
Criminal Case : Mysteries of the Past12Sous le Masque
0%
Criminal Case : Pacific Bay21Sous le Thunderdome
0%
Criminal Case : Mysteries of the Past38Spéculations Meurtrières
0%
Criminal Case : City of Romance3Taillée sur Mesure
0%
Criminal Case : Pacific Bay38Tapis Funeste
0%
Criminal Case : Mysteries of the Past15Tombé du Ciel
0%
Criminal Case : Travel in Time3Tous les Chemins mènent à Rome
0%
Criminal Case : Mysteries of the Past41Tout le Monde en Parle
0%
Criminal Case : The Conspiracy32Tout s'Effondre
0%
Criminal Case : City of Romance15Tuez-le Avec des Fleurs
0%
Criminal Case : The Conspiracy54Un Bouclage Explosif
0%
Criminal Case : Save the World26Un Cadavre dans la Rivière
0%
Criminal Case : Save the World11Un Coup de Feu et Adieu
0%
Criminal Case : Save the World32Un Coup de Poignard
0%
Criminal Case : Save the World27Un Coup du Sort
0%
Criminal Case : Grimsborough46Un Drive, un Swing, et la Mort
0%
Criminal Case : Travel in Time13Une Blague Mortelle
0%
Criminal Case : The Conspiracy21Une Bouteille à l'Encre
0%
Criminal Case : Save the World50Une Campagne Explosive
0%
Criminal Case : Save the World28Une Émission qui tue !
0%
Criminal Case : Supernatural Investigations27Une Enquête Phare
0%
Criminal Case : Mysteries of the Past52Une Etude en Rose
0%
Criminal Case : Mysteries of the Past10Une Faim Tragique
0%
Criminal Case : The Conspiracy30Une Fin en Queue de Poisson
0%
Criminal Case : Travel in Time22Une Mort de Pirate
0%
Criminal Case : Travel in Time11Une Mort Tudor
0%
Criminal Case : Travel in Time1Une Mort Vieille comme le Temps
0%
Criminal Case : The Conspiracy41Une Soirée d'Enfer
0%
Criminal Case : Save the World13Une Taupe à Moscou
0%
Criminal Case : The Conspiracy44Une Terre de Lait et de Fiel
0%
Criminal Case : Pacific Bay46Une Tête bien Remplie
0%
Criminal Case : Travel in Time4Une Tragédie Grecque
0%
Criminal Case : Mysteries of the Past9Un Goût de Vengeance
0%
Criminal Case : Grimsborough47Un Mariage et un Enterrement
0%
Criminal Case : City of Romance11Un Meurtre Hors de Prix
0%
Criminal Case : Pacific Bay15Un meurtre qui tourne en rond
0%
Criminal Case : Supernatural Investigations17Un Meurtre Soupe au Lait
0%
Criminal Case : The Conspiracy9Un Peu Plus Près des Étoiles
0%
Criminal Case : Mysteries of the Past59Un Plan Affûté
0%
Criminal Case : Mysteries of the Past33Un Silence de Tombe
0%
Criminal Case : Mysteries of the Past43Un Sort Funeste
0%
Criminal Case : Save the World25Un Tueur dans la Rizière
0%
Criminal Case : Pacific Bay56Un Tueur parmi Nous
0%
Criminal Case : Save the World29Un Voeu Funeste
0%
Criminal Case : Save the World20Vague à l'Âme
0%
Criminal Case : Pacific Bay12Vengeance
0%
Criminal Case : Pacific Bay57Vers les Wastes
0%
Criminal Case : The Conspiracy56Vers l'Éternité et au-Delà
0%
Criminal Case : City of Romance8Vêtue pour Mourir
0%
Criminal Case : Supernatural Investigations30Voyage au Bout de l'Enfer
0%
Criminal Case : Pacific Bay28Y a-t-il un cannibale dans l'avion ?
0%
Criminal Case : The Conspiracy31Zone Interdite
0%

Distribution des résultats

Percentile par nombre de réponses

% des personnes avec chaque résultat

Votre développement - résultats

Vous n’avez pas pris ce quiz